Statistics for Social Network by Picture

Click here to take the quiz!

General Stats

  • This quiz has been taken 38 times
  • The average score is 8 of 15

Answer Stats

Answer% Correct
Facebook
100%
Google+
100%
Youtube
95%
Instagram
92%
Skype
89%
Pinterest
84%
Whatsapp
76%
LinkedIn
70%
Telegram
16%
WeChat
16%
Musical.ly
5%
Foursquare
3%
StumbleUpon
3%
VKontakte
3%
Odnoklassniki
0%

Score Distribution

Percentile by Number Answered

Percent of People with Each Score

Your Score History

You have not taken this quiz